000 00441nam a2200145Ia 4500
003 OSt
005 20260124101151.0
008 211028s2017 xx 000 0 und d
040 _cAIMIT LIBRARY
041 _aeng
100 _aFernandes, Melvi; Kamath, T R.
_g1516044
_97620
245 _aContriving the contentment: role of employee engagement towards employee loyalty /
260 _aMangalore
_bT Ramesh Kamath.
_c2017
942 _2ddc
_cPRO
999 _c219188
_d219188